000 01221cam a22003617a 4500
003 CHAP
005 20220329142932.0
008 050316d1990 eu r 00110 eng d
010 _a89836
011 _a90808
020 _a0023061316
035 _a101365
040 _cCHAP
082 0 4 _a510
_bB3 1990
100 0 0 _aBarnett, Raymond A.
_910270
245 1 0 _aFinite mathematics :
_bfor business, economics, life sciences, and social sciences
_c/by Raymond A. Barnett and Michael R. Ziegler
250 _a5 ed.
260 _aSan Francisco, Cal. :
_bDellen publishing company,
_c1990.
300 _a605 p.
490 0 _aCollege mathematics series
590 _aBATCH-UPD
_b10
_c20130110
_lUCH01
_h1019
590 _aBATCH-UPD
_b10
_c20130410
_lUCH01
_h0625
590 _aBATCH-UPD
_b10
_c20130914
_lUCH01
_h0539
590 _aCONVERSION
_b10
_c20130109
_lUCH01
_h1350
650 1 4 _aMatemáticas.
_972901
700 0 _aZiegler, Michael R.
_9124005
830 0 0 _aCollege mathematics series
_925237
901 _aBK
905 _aLilia
942 _cLIBRO
949 _a510 B3 1990
_bBC
_cLIBRO
_d33724000953014
_eLIBRO
_h105197
_i101365
_sb
949 _a510 B3 1990
_bBC
_cLIBRO
_d33724002126371
_eLIBRO
_fc.2
_h113310
_i101365
_sb
999 _c89836
_d89836